000 00260nam a2200097Ia 4500
001 863856
005 20250826175458.0
008 250824s9999 xx 000 0 und d
245 0 _aHASAN SABBAH VE ALAMUT TERÖRÜ
_cYAŞAR ŞAHİN ANIL
260 _bPANAMA YAYINLARI
999 _c863856
_d863856